| 000 | 00392pab a2200157 454500 | ||
|---|---|---|---|
| 008 | 180718b1999 xxu||||| |||| 00| 0 eng d | ||
| 100 | _aBeer, Andrew | ||
| 245 | _aHousing investment and the private rental sector in Australia | ||
| 260 | _c1999 | ||
| 300 | _ap.255-69 | ||
| 362 | _aFeb | ||
| 650 | _aHousing - Australia | ||
| 650 | _aHousing | ||
| 773 | _aUrban Studies | ||
| 909 | _a41278 | ||
| 999 |
_c41278 _d41278 |
||